000 00191 a2200097 4500
020 _a9786077200253
041 _aspa
100 _aWells, H.G
245 _aLa guerra de los Mundos
942 _cBK
999 _c10301
_d10301